| 000 | 00735nam a2200277Ia 4500 | ||
|---|---|---|---|
| 005 | 20260320195847.0 | ||
| 008 | 008 262003s9999 xx 000 0 hin d | ||
| 020 | _a9788171198702 | ||
| 037 | _aEBOOK | ||
| 040 | _aCRL | ||
| 040 | _bhin | ||
| 040 | _cCRL | ||
| 041 | _2hin | ||
| 041 | _ahin | ||
| 084 | _qCRL | ||
| 100 |
_aमृणाल पांडे _91132949 |
||
| 245 | 0 | _aओ उब्बीरी : भारतीय स्त्री का प्रजनन और योन जीवन | |
| 250 | _a2rd | ||
| 260 | _bRajkamal | ||
| 260 | _c2003 | ||
| 300 | _a280 | ||
| 856 | _uhttps://ebook.indiaread.in/pdfs/9788171198702.pdf | ||
| 942 | _cEBOOK | ||
| 999 |
_c1716891 _d1716891 |
||